00814nam a2200193Ia 4500952015200000952015200152999001700304003000400321005001700325008004100342040000900383082001800392100002900410245007600439260003500515300000900550650001800559942004300577 00102ddc40708ENCYCLOPAEDIAaMESbMEScENCYCLOPAEDIAd2019-02-20g500.00l0o327.03 GUP/Ep17243r2019-02-20 00:00:00t2w2019-02-20yREFzU13R4 00102ddc40708ENCYCLOPAEDIAaMESbMEScENCYCLOPAEDIAd2019-02-20g650.00l0o327.03 GUP/Ep17244r2019-02-20 00:00:00t1w2019-02-20yREFzU13R4 c35914d35914OSt20201221131254.0190216s9999||||xx |||||||||||||| ||und|| coclc a327.03bGUP/E aGupta, Madan Gopal 9562 0aEncyclopedia Of Contemporary International Affairs /cMadan Gopal Gupta bY K Publishers, c1987.aAgra: a454p aEncyclopaedia cREF2ddch327.03iGUP/Ek327.03mGUP/E